000
00205 a2200097 4500
020
_a
9781580172127
041
_a
eng
100
_a
Edward C. Smith
245
_a
The Vegetable Gardener's Bible
942
_c
BK
999
_c
30057
_d
30055